Statistics for 145 Most Common B Words In English

Click here to take the quiz!

General Stats

  • This quiz has been taken 48 times
  • The average score is 54 of 145

Answer Stats

B% Correct
be
100%
by
95%
bus
93%
ball
91%
beat
91%
ban
86%
back
84%
bar
84%
bet
84%
but
84%
bad
81%
beer
79%
bean
77%
bear
77%
bill
74%
bit
72%
band
70%
best
67%
baby
65%
bag
65%
black
65%
book
65%
bell
63%
big
63%
bring
63%
buy
60%
bend
58%
boy
58%
break
58%
bank
56%
build
56%
base
53%
bed
53%
better
53%
blue
53%
bond
53%
both
53%
bread
53%
bite
49%
boat
49%
body
49%
brown
49%
begin
47%
believe
47%
block
47%
brother
47%
board
44%
boss
44%
box
44%
brain
44%
before
42%
bird
42%
blood
42%
brand
42%
buck
42%
bike
40%
blame
40%
bone
40%
born
40%
brick
40%
because
37%
bind
37%
blow
37%
boot
37%
bowl
37%
become
35%
boom
35%
bright
35%
busy
35%
bake
33%
belt
33%
borrow
33%
burn
33%
basket
30%
beautiful
30%
bomb
30%
building
30%
butter
30%
basic
28%
behind
28%
blind
28%
bottom
28%
bridge
28%
beginning
26%
belong
26%
below
26%
beneath
26%
bother
26%
breast
26%
breath
26%
bury
26%
business
26%
basketball
23%
bathroom
23%
beach
23%
between
23%
birth
23%
bottle
23%
broad
23%
broken
23%
battle
21%
beauty
21%
being
21%
belief
21%
beside
21%
blade
21%
breathe
21%
brilliant
21%
bullet
21%
buyer
21%
barrel
19%
baseball
19%
Bible
19%
border
19%
brief
19%
bedroom
16%
birthday
16%
boyfriend
16%
button
16%
balance
14%
basically
14%
battery
14%
besides
14%
burden
14%
barely
12%
bench
12%
brush
12%
budget
12%
badly
9%
basis
9%
behavior
9%
benefit
9%
billion
9%
bombing
9%
boundary
9%
branch
9%
breakfast
9%
British
9%
bunch
9%
background
7%
barrier
7%
beyond
7%
biological
7%
briefly
7%
blanket
5%

Score Distribution

Percentile by Number Answered

Percent of People with Each Score

Your Score History

You have not taken this quiz